[Event "18th Delhi GM Open 2020"]
[Site "Delhi"]
[Date "2020.01.12"]
[Round "6.24"]
[White "Ziatdinov, Raset"]
[Black "Yudin, Sergei"]
[Result "0-1"]
[WhiteElo "2203"]
[BlackElo "2508"]
[Annotator "ChessBase"]
[PlyCount "82"]
[EventDate "2020.01.09"]
[EventType "swiss"]
[EventCountry "IND"]
[SourceTitle "playchess.com"]
[Source "ChessBase"]
[SourceQuality "1"]
[TimeControl "5400+30"]

1. e4 {[%emt 0:00:00]} d6 {[%emt 0:00:00]} 2. d4 {[%emt 0:00:00]} Nf6 {[%emt 0:00:00]} 3. Nc3 {[%emt 0:00:00]} e5 {[%emt 0:00:00]} 4. Nf3 {[%emt 0:00:00]} Nbd7 {[%emt 0:00:00]} 5. Be2 {[%emt 0:00:16]} Be7 {[%emt 0:00:00]} 6. O-O {[%emt 0:00:05]} O-O {[%emt 0:00:00]} 7. Re1 {[%emt 0:00:32]} c6 {[%emt 0:00:06]} 8. a4 {[%emt 0:00:20]} Re8 {[%emt 0:00:06]} 9. a5 {[%emt 0:01:17]} exd4 {[%emt 0:00:40]} 10. Qxd4 {[%emt 0:00:27]} Bf8 {[%emt 0:00:11]} 11. Bg5 {[%emt 0:02:26]} Nc5 {[%emt 0:02:28]} 12. Bc4 {[%emt 0:07:04]} Be6 {[%emt 0:04:17]} 13. b4 {[%emt 0:10:19]} Ncd7 {[%emt 0:00:23]} 14. Bxe6 {[%emt 0:03:30]} Rxe6 {[%emt 0:01:22]} 15. Qd2 {[%emt 0:05:38]} h6 {[%emt 0:03:04]} 16. Bxf6 {[%emt 0:02:37]} Nxf6 {[%emt 0:01:58]} 17. Nd4 {[%emt 0:05:58]} Re8 {[%emt 0:02:56]} 18. a6 {[%emt 0:04:11]} Qc8 {[%emt 0:01:33]} 19. axb7 {[%emt 0:06:07]} Qxb7 {[%emt 0:00:14]} 20. Qd3 {[%emt 0:00:09]} c5 {[%emt 0:09:54]} 21. bxc5 {[%emt 0:00:38]} dxc5 {[%emt 0:00:05]} 22. Qb5 {[%emt 0:05:20]} Qb6 {[%emt 0:02:46]} 23. Qxb6 {[%emt 0:10:52]} axb6 {[%emt 0:00:40]} 24. Rxa8 {[%emt 0:00:02]} Rxa8 {[%emt 0:00:07]} 25. Ndb5 {[%emt 0:00:06]} c4 {[%emt 0:01:09]} 26. e5 {[%emt 0:00:29]} Nd7 {[%emt 0:00:11]} 27. f4 {[%emt 0:00:15]} Bb4 {[%emt 0:02:02]} 28. Rd1 {[%emt 0:03:00]} Nf8 {[%emt 0:00:37]} 29. f5 {[%emt 0:04:09]} g6 {[%emt 0:01:44]} 30. g4 {[%emt 0:00:14]} h5 {[%emt 0:00:16]} 31. h3 {[%emt 0:01:44]} Ra6 {[%emt 0:00:33]} 32. Rd5 {[%emt 0:02:40]} Ra1+ {[%emt 0:00:21]} 33. Nd1 {[%emt 0:01:12]} Rc1 {[%emt 0:01:03]} 34. c3 {[%emt 0:01:12]} Bc5+ {[%emt 0:00:05]} 35. Kf1 {[%emt 0:02:14]} Rc2 {[%emt 0:00:56]} 36. Nc7 {[%emt 0:02:59]} gxf5 {[%emt 0:03:49]} 37. gxf5 {[%emt 0:00:07]} Rh2 {[%emt 0:00:20]} 38. e6 {[%emt 0:00:19]} fxe6 {[%emt 0:00:08]} 39. fxe6 {[%emt 0:00:03]} Ng6 {[%emt 0:00:18]} 40. Rxh5 {[%emt 0:01:24]} Rh1+ {[%emt 0:01:09]} 41. Kg2 {[%emt 0:00:58]} Rxd1 {[%emt 0:00:12]} 0-1

[Event "18th Delhi GM Open 2020"]
[Site "Delhi"]
[Date "2020.01.12"]
[Round "6.25"]
[White "Praveen Kumar C"]
[Black "Harsha Bharathakoti"]
[Result "0-1"]
[WhiteElo "2194"]
[BlackElo "2502"]
[Annotator "TA"]
[PlyCount "36"]
[EventDate "2020.01.09"]
[EventType "swiss"]
[EventCountry "IND"]
[SourceTitle "playchess.com"]
[Source "ChessBase"]
[SourceQuality "1"]

{[%evp 13,52,-29,-16,-24,-18,0,-20,0,18,-43,-49,-64,-76,-71,-58,-63,-66,-63,-60,-56,-57,-169,-148,-170,-163,-174,-157,-283,-292,-345,-331,-397,-414,-391,-391,-418,-412,-688,-672,-1054,-1054]} 1. d4 d5 2. c4 e6 3. Nf3 Nf6 4. g3 Bb4+ 5. Nc3 dxc4 6. Bg2 Nc6 7. O-O O-O 8. Rb1 {E20: Nimzo-Indian: 4 g3 and 4 f3} (8. Qa4 Bd7 9. Rd1 Bxc3 10. bxc3 Nxd4 11. Qxc4 Nxf3+ 12. Bxf3 Qc8 13. Bf4 Nd5 14. Bxd5 exd5 15. Qxc7 Qxc7 {½-½ (15) Artemiev,V (2731)-Karjakin,S (2754) Bucharest 2019}) 8... Nd5 $146 ({Predecessor:} 8... Rb8 9. a3 Be7 10. Qa4 Nxd4 11. Nxd4 Qxd4 12. Be3 Qe5 13. Qxa7 Bd7 14. Rfd1 Qh5 15. Bxb7 Bd6 16. Bf3 Qg6 17. Qd4 e5 18. Qxc4 Be6 19. Qc6 {½-½ (19) Sandipan,C (2640)-Gustafsson,J (2640) Sarajevo 2010}) 9. Qc2 Be7 10. a3 {The position is equal.} b6 (10... Bd7 {is more complex.} 11. Rd1 Rb8 12. Bd2 f5 13. e4 fxe4 14. Qxe4 Kh8) 11. e4 ({White should try} 11. Bd2 $11) 11... Nxc3 $15 12. bxc3 Na5 13. h4 c5 14. d5 exd5 15. exd5 g6 {Strongly threatening ...Bf5.} 16. Bh6 Bf5 17. Qa4 {[#]} (17. Qd2 $15) 17... Re8 $1 $19 ({Not} 17... Qxd5 18. Ng5 $11) ({Don't do} 17... Bxb1 18. Bxf8 Bxf8 19. Rxb1 $17) 18. Ra1 a6 {Played: Be7-f6} 0-1

[Event "18th Delhi GM Open 2020"]
[Site "Delhi"]
[Date "2020.01.12"]
[Round "6.26"]
[White "Rios, Cristhian Camilo"]
[Black "Aradhya, Garg"]
[Result "1-0"]
[WhiteElo "2498"]
[BlackElo "2197"]
[Annotator "ChessBase"]
[PlyCount "55"]
[EventDate "2020.01.09"]
[EventType "swiss"]
[EventCountry "IND"]
[SourceTitle "playchess.com"]
[Source "ChessBase"]
[SourceQuality "1"]
[TimeControl "5400+30"]

1. d4 {[%emt 0:00:00]} d5 {[%emt 0:00:00]} 2. c4 {[%emt 0:00:00]} e6 {[%emt 0:00:00]} 3. Nc3 {[%emt 0:00:00]} Nf6 {[%emt 0:00:00]} 4. cxd5 {[%emt 0:00:04]} exd5 {[%emt 0:00:00]} 5. Bg5 {[%emt 0:00:07]} c6 {[%emt 0:06:33]} 6. e3 {[%emt 0:00:08]} h6 {[%emt 0:00:04]} 7. Bh4 {[%emt 0:00:09]} Bd6 {[%emt 0:02:14]} 8. Bd3 {[%emt 0:01:28]} O-O {[%emt 0:01:13]} 9. Nf3 {[%emt 0:00:55]} Be6 {[%emt 0:00:34]} 10. Ne5 {[%emt 0:02:01]} c5 {[%emt 0:05:54]} 11. f4 {[%emt 0:00:08]} Nc6 {[%emt 0:05:04]} 12. Bc2 {[%emt 0:14:33]} cxd4 {[%emt 0:08:33]} 13. exd4 {[%emt 0:00:12]} Rc8 {[%emt 0:11:38]} 14. Nxc6 {[%emt 0:08:56]} bxc6 {[%emt 0:04:00]} 15. O-O {[%emt 0:02:52]} c5 {[%emt 0:06:45]} 16. f5 {[%emt 0:02:22]} cxd4 {[%emt 0:00:54]} 17. fxe6 {[%emt 0:00:11]} fxe6 {[%emt 0:01:30]} 18. Nb5 {[%emt 0:26:18]} e5 {[%emt 0:02:56]} 19. Bb3 {[%emt 0:04:19]} Be7 {[%emt 0:11:14]} 20. Rc1 {[%emt 0:03:58]} g5 {[%emt 0:05:59]} 21. Bg3 {[%emt 0:00:42]} Qb6 {[%emt 0:02:20]} 22. Rxc8 {[%emt 0:00:41]} Rxc8 {[%emt 0:00:06]} 23. Bxe5 {[%emt 0:00:43]} d3+ {[%emt 0:01:36]} 24. Nd4 {[%emt 0:00:12]} Qa6 {[%emt 0:00:39]} 25. Nf5 {[%emt 0:00:41]} Bc5+ {[%emt 0:00:52]} 26. Kh1 {[%emt 0:00:08]} Kh7 {[%emt 0:00:20]} 27. Bxf6 {[%emt 0:01:04]} Qxf6 {[%emt 0:00:06]} 28. Qxd3 {[%emt 0:00:05]} 1-0

[Event "18th Delhi GM Open 2020"]
[Site "Delhi"]
[Date "2020.01.12"]
[Round "6.27"]
[White "Vishnu Prasanna. V"]
[Black "Gandhi, Anish"]
[Result "1-0"]
[WhiteElo "2474"]
[BlackElo "2168"]
[Annotator "TA"]
[PlyCount "55"]
[EventDate "2020.01.09"]
[EventType "swiss"]
[EventCountry "IND"]
[SourceTitle "playchess.com"]
[Source "ChessBase"]
[SourceQuality "1"]

{[%evp 14,55,3,11,25,29,35,20,20,22,49,12,18,8,16,12,18,10,39,34,42,14,77,61,96,89,99,98,198,211,200,212,239,103,197,170,379,371,497,501,465,452,662,640]} 1. d4 Nf6 2. Nf3 g6 3. Bg5 Bg7 4. c3 O-O 5. Nbd2 d5 6. e3 c5 7. Be2 Qb6 8. Qb3 c4 {D03: 1 d4 d5 2 Nf3 Nf6 3 Bg5, including Torre Attack with early ...d5} 9. Qa3 Nc6 10. b3 cxb3 $1 {The position is equal.} 11. axb3 e5 12. O-O exd4 $146 ({Predecessor:} 12... Be6 13. b4 exd4 14. Nxd4 Rfe8 15. b5 Ne5 16. Rfc1 {1-0 (30) Gausel,E (2555)-Aagaard,J (2395) Gothenburg 1998}) 13. exd4 Bf5 14. b4 Rfe8 15. Rfe1 Nd8 (15... h6 $5 {[%cal Rh6g5]} 16. Be3 a6 $11) 16. h3 Qc7 17. Bh4 Ne4 (17... Ne6 $11) 18. Nxe4 $16 Bxe4 19. Bg3 Qc8 20. Nd2 $36 {[%mdl 2048] White is in control.} Bf5 (20... Qd7 $16) 21. Bf3 $18 Rxe1+ 22. Rxe1 {Black must now prevent Re8+.} Be6 {[#]} 23. c4 (23. Bxd5 $1 $18 {[%mdl 512] is the precise move to win. Bf3 is the strong threat.} a5 (23... Bxd5 24. Re8+) 24. bxa5) 23... dxc4 (23... Bh6 $16) 24. d5 {Threatens to win with Ne4.} Bd7 $2 {[#]} (24... c3 {was necessary.}) 25. Ne4 $1 a5 26. Nd6 {White is clearly winning.} axb4 27. Qxb4 Qb8 (27... Bf8 $142 28. Qc3 (28. Qxc4 Qxc4 29. Nxc4 Bc5 $16) 28... Bxd6 29. Bxd6 Ra6) 28. Nxc4 {Accuracy: White = 45%, Black = 16%.} 1-0

[Event "18th Delhi GM Open 2020"]
[Site "Delhi"]
[Date "2020.01.13"]
[Round "7.1"]
[White "Aleksandrov, Aleksej"]
[Black "Tukhaev, Adam"]
[Result "1/2-1/2"]
[WhiteElo "2592"]
[BlackElo "2548"]
[Annotator "TA"]
[PlyCount "83"]
[EventDate "2020.01.09"]
[EventType "swiss"]
[EventCountry "IND"]
[SourceTitle "playchess.com"]
[Source "ChessBase"]
[SourceQuality "1"]

{[%evp 9,83,37,33,21,53,53,66,56,66,51,57,44,67,67,72,62,52,59,55,24,50,43,41,47,38,0,8,0,75,89,71,9,11,18,26,10,10,10,11,6,13,4,11,0,0,0,0,0,0,0,0,-4,0,-18,-18,-18,-7,-22,0,-31,-30,-47,-47,-50,0,0,0,0,0,0,0,0,0,0,0,0]} 1. d4 g6 2. e4 d6 3. c4 Bg7 4. Nc3 e5 5. Nge2 Nd7 (5... Nc6 6. Be3 f5 7. exf5 Bxf5 8. dxe5 Nxe5 9. Nd4 Nf6 10. Nxf5 gxf5 11. Be2 Nfg4 12. O-O Nxe3 13. Bh5+ Kd7 14. fxe3 Qg5 {1-0 (43) Matlakov,M (2728)-Andreikin,D (2706) Tbilisi 2017}) 6. d5 {A42: Modern Defence: Averbakh Variation} f5 7. exf5 gxf5 8. Ng3 {White is slightly better.} Ndf6 9. Bd3 Ne7 10. Nh5 O-O 11. Nxg7 Kxg7 12. Qd2 f4 $146 ({Predecessor:} 12... Ng6 13. g3 {½-½ (59) Alonso Pascual,F (2264)-Fernandez Lopez,F (2294) Barcelona 2000}) 13. b3 Bf5 14. Bb2 Qd7 15. g3 Bxd3 16. Qxd3 Qg4 17. Ne2 {Black must now prevent gxf4.} fxg3 18. hxg3 Qe4 {[#]} (18... Qg6 $11 {remains equal.} 19. Qxg6+ hxg6) 19. Qxe4 $1 $16 Nxe4 20. O-O (20. f4 $16) 20... Kg8 21. Kg2 Nf5 22. Rae1 Rf7 23. Nc3 Nc5 24. Ba3 {aiming for Bxc5.} b6 25. Bxc5 bxc5 26. Rh1 Raf8 27. Ne4 Nd4 28. Rh6 Nf3 29. Rd1 a5 30. Rhh1 Kg7 31. Rd3 Kg6 {...Ng5 is the strong threat.} 32. Nc3 h5 33. Re3 Ng5 34. Re2 (34. Nd1 {seems wilder.} Rf6 35. Rh4 Rf3 36. Rhe4 R3f7 37. Rh4) 34... Rf3 35. Nb5 R8f7 36. Rc1 Rd3 37. Rc3 {The position is equal.} Rd1 38. Rce3 Rc1 39. Re1 Rc2 40. R1e2 $1 {[%cal Re2c2]} Rc1 41. Re1 Rc2 42. R1e2 $1 {Accuracy: White = 69%, Black = 71%.} 1/2-1/2

[Event "18th Delhi GM Open 2020"]
[Site "Delhi"]
[Date "2020.01.13"]
[Round "7.2"]
[White "Kaczur, Florian"]
[Black "Martinez Alcantara, Jose Eduardo"]
[Result "1/2-1/2"]
[WhiteElo "2485"]
[BlackElo "2606"]
[Annotator "TA"]
[PlyCount "61"]
[EventDate "2020.01.09"]
[EventType "swiss"]
[EventCountry "IND"]
[SourceTitle "playchess.com"]
[Source "ChessBase"]
[SourceQuality "1"]

{[%evp 9,61,23,25,14,17,13,20,6,26,25,33,20,28,41,45,24,30,14,46,-14,-12,-43,-40,-48,-30,-47,-43,-61,-57,-60,-66,-66,-66,-61,-60,-71,-12,-22,53,26,22,27,26,27,21,21,35,36,33,41,42,26,35,33]} 1. e4 c5 2. Nf3 d6 3. Bb5+ Nd7 4. O-O a6 5. Bd3 Ngf6 6. c3 {B51: Sicilian: Moscow Variation (3 Bb5+) without 3...Bd7} (6. Re1 e6 7. c3 b5 8. Bc2 c4 9. a4 Bb7 10. d4 cxd3 11. Qxd3 Nc5 12. Qe2 bxa4 {½-½ (24) Amin,B (2683)-Nepomniachtchi,I (2767) Moscow 2019}) 6... b5 7. Re1 Bb7 8. a4 {The position is equal.} c4 9. Bc2 Nc5 10. axb5 axb5 11. Rxa8 Qxa8 12. Na3 Bxe4 $146 ({Predecessor:} 12... Nfxe4) 13. Nxb5 Qb8 14. Na3 (14. Bxe4 $14 Nfxe4 15. Nfd4) 14... Bxc2 $1 $11 15. Qxc2 d5 $36 {[%mdl 2048] White is under pressure.} 16. d4 cxd3 17. Qd1 Qb3 18. Be3 e6 19. Qxb3 Nxb3 20. Nb5 Bc5 21. Nbd4 Bxd4 22. Nxd4 Nc5 (22... Nxd4 $17 23. Bxd4 Ke7) 23. Nc6 Nb7 (23... d2 $11 24. Rd1 Nd3) 24. Ne5 d2 25. Bxd2 Ne4 26. Be3 f6 27. Nd3 O-O 28. Ra1 Rb8 29. Ra6 Ned6 30. f3 Kf7 31. Kf2 {Accuracy: White = 73%, Black = 63%.} 1/2-1/2

[Event "18th Delhi GM Open 2020"]
[Site "Delhi"]
[Date "2020.01.13"]
[Round "7.3"]
[White "Karthik Venkataraman"]
[Black "Rozum, Ivan"]
[Result "1/2-1/2"]
[WhiteElo "2479"]
[BlackElo "2573"]
[Annotator "TA"]
[PlyCount "95"]
[EventDate "2020.01.09"]
[EventType "swiss"]
[EventCountry "IND"]
[SourceTitle "playchess.com"]
[Source "ChessBase"]
[SourceQuality "1"]

{[%evp 18,95,37,36,54,36,54,36,36,36,26,32,46,48,64,52,56,54,54,46,50,31,32,21,35,33,27,23,41,50,61,64,39,33,58,58,80,49,48,28,36,0,0,0,0,0,31,26,41,39,31,39,33,32,32,32,32,32,29,28,63,54,81,70,66,8,8,8,8,8,12,12,12,12,12,12,12,12,12,12]} 1. Nf3 Nf6 2. g3 d5 3. Bg2 g6 4. c4 c6 5. b3 Bg7 6. Bb2 O-O 7. O-O Bg4 8. d3 Nbd7 9. Nbd2 Bxf3 10. Nxf3 e6 {A11: English Opening: 1...c6} 11. Qc2 Qe7 12. Rac1 Rfd8 $146 {White is slightly better.} ({Predecessor:} 12... Ne8 13. d4 Nef6 14. Ne1 Rfd8 15. Nd3 Rac8 16. Rfd1 Qf8 17. e3 Qd6 18. Qb1 {1-0 (38) Maletin,P (2572)-Drygalov,A (2431) Sochi 2018}) 13. Rfd1 Ne8 14. d4 a5 15. a4 f5 16. e3 Nef6 17. Ne1 h5 18. Nd3 h4 19. Bc3 hxg3 20. hxg3 g5 21. Rb1 Ne4 22. Be1 Nd6 23. c5 Nf7 24. b4 axb4 25. Rxb4 Nf8 26. Rdb1 Rd7 27. Qb2 {[%cal Rb4b7]} Ra7 28. a5 e5 29. dxe5 Nxe5 30. Nxe5 Bxe5 31. Qc2 Qh7 32. Rb6 Ne6 {[#]} 33. a6 $1 {[%mdl 512]} Rxa6 34. Rxa6 bxa6 35. Rb6 {[%mdl 64] Double Attack} Nd8 36. Rxa6 f4 37. Qxh7+ Kxh7 38. Bh3 Rf7 39. Ra8 Nb7 {[#]} 40. Re8 $1 {[%cal Re8e5]} Bf6 41. Re6 (41. Rc8 $14) 41... Nd8 $11 {The position is equal.} 42. Rd6 fxe3 43. fxe3 Be7 44. Rd7 {Strongly threatening Ba5.} Bf6 45. Ba5 Rxd7 46. Bxd7 Kg7 47. Kf2 Kf8 48. Bxd8 {Accuracy: White = 57%, Black = 73%.} 1/2-1/2

[Event "18th Delhi GM Open 2020"]
[Site "Delhi"]
[Date "2020.01.13"]
[Round "7.4"]
[White "Fedorov, Alexei"]
[Black "Nigmatov, Ortik"]
[Result "1-0"]
[WhiteElo "2562"]
[BlackElo "2467"]
[Annotator "TA"]
[PlyCount "65"]
[EventDate "2020.01.09"]
[EventType "swiss"]
[EventCountry "IND"]
[SourceTitle "playchess.com"]
[Source "ChessBase"]
[SourceQuality "1"]

{[%evp 15,65,12,16,-5,8,-5,18,14,8,13,19,0,0,0,24,11,44,38,60,35,47,44,46,44,25,43,205,156,223,219,228,216,255,260,256,259,246,246,263,258,242,160,145,141,1846,1516,29991,29985,29985,29986,29986,29987]} 1. e4 c5 2. Ne2 Nc6 3. Nbc3 Nf6 4. g3 g6 5. Bg2 Bg7 6. d3 d6 7. O-O O-O 8. h3 Rb8 9. Rb1 {B25: Closed Sicilian: 3 g3, lines without early Be3} b5 {[%cal Bb7b5,Bb5b4][%mdl 32]} 10. a3 a5 11. a4 {The position is equal.} b4 (11... bxa4 12. Nxa4 Bd7 13. Be3 Nd4 14. Nac3 Ne8 15. Bg5 h6 16. Bd2 Nc6 {½-½ (61) Caruana,F (2822)-Giri,A (2776) Bucharest 2019}) 12. Nb5 $1 Nd7 $146 ({Predecessor:} 12... e6 13. Be3 Qe7 14. c4 Bb7 15. Qd2 Ne5 16. Nc1 Nfd7 {½-½ (45) Flermoen,P (2250)-Getz,N (2410) Norway 2016}) 13. e5 d5 14. f4 e6 15. c4 bxc3 (15... Ne7 {seems wilder.} 16. Be3 d4 17. Bd2 g5 18. Qe1 Nf5) 16. bxc3 f6 17. d4 cxd4 18. Nexd4 Nxd4 19. cxd4 Ba6 20. Ba3 $36 {[%mdl 2048] White is pushing.} Rf7 $2 (20... Re8 $14) 21. Bd6 Rb7 (21... Bxb5 $16 22. axb5 Rb6) 22. Bxd5 $18 exd5 23. e6 $1 {[%csl LRd7,LRf7][%mdl 64] [#] Double Attack} Re7 24. Bxe7 ({Weaker is} 24. exd7 Re6 $11) 24... Qxe7 25. exd7 Qxd7 26. f5 Bxb5 27. axb5 Rxb5 28. Qe2 Rxb1 29. Rxb1 {[#] Qe6+ is the strong threat.} Kf7 $2 {[%mdl 8192]} (29... Bf8 $16) 30. Qa6 Qxf5 31. Qa7+ {White mates.} Kg8 32. Rb8+ Bf8 33. Qc5 $1 {Accuracy: White = 74%, Black = 29%.} 1-0

[Event "18th Delhi GM Open 2020"]
[Site "Delhi"]
[Date "2020.01.13"]
[Round "7.5"]
[White "Ghosh, Diptayan"]
[Black "Lugovskoy, Maxim"]
[Result "1/2-1/2"]
[WhiteElo "2550"]
[BlackElo "2453"]
[Annotator "TA"]
[PlyCount "49"]
[EventDate "2020.01.09"]
[EventType "swiss"]
[EventCountry "IND"]
[SourceTitle "playchess.com"]
[Source "ChessBase"]
[SourceQuality "1"]

{[%evp 17,49,54,47,23,15,18,15,3,31,5,24,26,39,39,136,36,39,39,38,35,33,13,13,13,11,8,9,8,15,0,4,0,12,-747]} 1. c4 e6 2. g3 d5 3. Bg2 Nf6 4. Nf3 c5 5. O-O Nc6 6. cxd5 Nxd5 7. d4 cxd4 8. Nxd4 Be7 9. Nxc6 bxc6 10. Qc2 {E01: Catalan: Early deviations} O-O 11. Qxc6 Bd7 12. Qc2 Rc8 13. Nc3 $146 ({Predecessor:} 13. Qd1 Bf6 14. Nd2 Qb6 15. Qb3 Nb4 16. Ne4 Be5 17. Be3 Qb5 {1-0 (44) Anton Guijarro,D (2627)-Rottenwohrer Suarez,J (2087) Madrid 2016}) 13... Bf6 {[%cal Rd5c3]} 14. Bd2 Nxc3 15. Bxc3 Qa5 {[#]} ({Better is} 15... Bxc3 $14 16. bxc3 Qa5) 16. Rfc1 ({But not} 16. Bxa5 $6 Rxc2 17. Bc3 Bxc3 $11) (16. Qxh7+ $1 $16 Kxh7 17. Bxa5) 16... Bxc3 $14 17. bxc3 Rc5 18. Rab1 Bb5 19. Bf3 Rfc8 {The position is equal.} 20. Qd2 a6 21. Rb3 Bc4 22. Rb2 Bb5 23. Rb3 Bc4 24. Rb2 Bb5 25. Qc2 $2 {[%mdl 40960] Accuracy: White = 20%, Black = 67%. . An unexpected result.} (25. Bb7 $11 Rd8 26. Qe3) 1/2-1/2

[Event "18th Delhi GM Open 2020"]
[Site "Delhi"]
[Date "2020.01.13"]
[Round "7.6"]
[White "Gusain, Himal"]
[Black "Visakh N R"]
[Result "1-0"]
[WhiteElo "2401"]
[BlackElo "2518"]
[Annotator "TA"]
[PlyCount "53"]
[EventDate "2020.01.09"]
[EventType "swiss"]
[EventCountry "IND"]
[SourceTitle "playchess.com"]
[Source "ChessBase"]
[SourceQuality "1"]

{[%evp 17,65,19,31,10,60,61,99,105,147,127,201,192,207,199,181,183,247,233,286,270,331,335,314,336,340,344,435,446,443,435,502,520,831,817,1374,1422,1249,854,1153,844,1129,1090,1384,1347,1313,1309,1304,1254,1584,1026]} 1. e4 c5 2. Nc3 d6 3. f4 g6 4. Nf3 Bg7 5. Bc4 Nc6 6. O-O Nf6 7. d3 O-O 8. Qe1 Nd4 9. Nxd4 cxd4 10. Nb5 {B23: Closed Sicilian: Lines without g3} (10. Nd5 Nxd5 11. Bxd5 e6 12. Bb3 a5 13. a4 Bd7 14. Bd2 Kh8 15. Rf2 Qb6 16. Re2 Qc7 17. Qh4 f5 18. Rae1 fxe4 19. Rxe4 {1-0 (44) Robson,R (2596)-Le,Q (2714) Moscow 2012}) 10... Nd7 $146 ({Predecessor:} 10... d5 11. exd5 Ng4 12. h3 Nh6 13. a4 Nf5 14. a5 a6 15. Na3 Re8 16. Rf2 Ne3 17. Bb3 e6 {½-½ (58) Nekhaev,A (2514)-Cousins,R (2272) ICCF email 2016}) 11. Qf2 Qb6 {[#]} 12. a4 $1 {White is better.} a5 13. b3 Kh8 (13... Nf6 $16 {is a better defense.}) 14. Bb2 e5 15. fxe5 dxe5 16. Bxf7 Nc5 (16... Nf6 {keeps fighting.}) 17. Qh4 $18 {Hoping for Ba3.} Bd7 18. Na3 Be8 19. Nc4 Qc7 20. Bd5 Bc6 21. Ba3 Bxd5 22. exd5 {White is clearly winning.} b6 23. Rae1 Rxf1+ 24. Rxf1 Kg8 (24... Qd8 $142 25. Qxd8+ Rxd8 26. Nxb6 Na6) 25. d6 Qb7 26. Bxc5 bxc5 {[#]} 27. Qh3 {Played: Nc4xa5} 1-0

[Event "18th Delhi GM Open 2020"]
[Site "Delhi"]
[Date "2020.01.13"]
[Round "7.7"]
[White "Pranesh M"]
[Black "Stupak, Kirill"]
[Result "1/2-1/2"]
[WhiteElo "2317"]
[BlackElo "2506"]
[Annotator "TA"]
[PlyCount "60"]
[EventDate "2020.01.09"]
[EventType "swiss"]
[EventCountry "IND"]
[SourceTitle "playchess.com"]
[Source "ChessBase"]
[SourceQuality "1"]

{[%evp 19,60,31,20,27,52,54,61,54,63,60,48,70,70,73,70,0,33,22,54,43,49,41,54,10,47,34,88,89,125,97,97,97,112,93,91,87,85,43,52,74,75,72,73]} 1. e4 Nf6 2. e5 Nd5 3. d4 d6 4. Nf3 Nb6 5. c4 g6 6. Nc3 Bg7 7. exd6 cxd6 8. h3 O-O 9. Be2 Nc6 10. O-O Bf5 11. d5 {B04: Alekhine's Defence: 4 Nf3} Ne5 $146 ({Predecessor:} 11... Na5 12. Nd4 Naxc4 13. a4 a5 14. Nxf5 gxf5 15. Re1 Qd7 16. Bd3 Kh8 17. Qh5 e6 18. Qh4 Rac8 {1-0 (79) Azarov,S (2586)-Yoo,C (2449) Saint Louis 2019}) 12. Nxe5 Bxe5 13. Bh6 {White is slightly better.} Re8 14. Qd2 Qc8 15. g4 Bd7 16. b3 f5 {[%cal Rf5g4]} 17. f3 ({Better is} 17. Rae1 $14) 17... Qc5+ 18. Kg2 Qd4 19. Qxd4 Bxd4 20. Rac1 $36 {[%mdl 2048] White fights for an advantage.} e6 21. Rfd1 (21. dxe6 {keeps more tension.} Rxe6 22. Bd3 Bc5 23. Rcd1 Bc6 24. Nb5) 21... e5 (21... Bxc3 $5 22. Rxc3 exd5 $11) 22. Bd3 Bxc3 (22... Bc5 $14) 23. Rxc3 $16 Rac8 24. Rcc1 f4 25. Bg5 Rc7 26. Be4 Kf7 27. Bh4 Bc8 28. Bf2 {Threatens to win with c5.} Nd7 $1 29. c5 Nxc5 30. b4 Na6 {Accuracy: White = 56%, Black = 46%.} 1/2-1/2

[Event "18th Delhi GM Open 2020"]
[Site "Delhi"]
[Date "2020.01.13"]
[Round "7.8"]
[White "Shyaamnikhil P"]
[Black "Amonatov, Farrukh"]
[Result "1/2-1/2"]
[WhiteElo "2458"]
[BlackElo "2631"]
[Annotator "TA"]
[PlyCount "76"]
[EventDate "2020.01.09"]
[EventType "swiss"]
[EventCountry "IND"]
[SourceTitle "playchess.com"]
[Source "ChessBase"]
[SourceQuality "1"]

{[%evp 11,76,17,17,16,18,-2,0,0,8,4,45,45,39,43,42,46,39,45,37,53,47,33,37,28,39,42,30,29,66,50,69,72,77,33,33,0,0,0,0,0,0,0,0,0,0,0,0,0,0,0,0,0,0,0,-2,-83,-79,-87,-18,-45,-28,-26,58,41,467,455,350]} 1. Nc3 c5 2. e4 d6 3. Nf3 a6 4. d4 cxd4 5. Nxd4 Nf6 6. g3 e5 7. Nb3 $146 {B91: Sicilian Najdorf: 6 g3} (7. Nde2 Be7 8. Bg2 O-O 9. O-O b5 10. Nd5 Nbd7 11. Nec3 Nb6 12. Nxf6+ Bxf6 13. b3 Be6 14. Ba3 Qc7 15. Qd3 Rfc8 16. Bb4 a5 17. Nxb5 Qxc2 18. Qxc2 Rxc2 19. Bxd6 {½-½ (73) Vachier Lagrave,M (2778)-Wojtaszek,R (2749) Shenzhen 2018}) 7... Be7 8. Bg5 Nbd7 9. a4 {The position is equal.} h6 10. Be3 b6 11. Bc4 Bb7 12. Nd2 O-O 13. O-O Qc7 14. Qe2 Nc5 15. Bxc5 Qxc5 16. Rfe1 g6 17. Rad1 Kg7 18. Nf1 Rfc8 19. Bb3 Qa5 20. f3 Rc5 21. Ne3 {aiming for Nc4.} Rac8 22. Rd3 b5 23. axb5 axb5 24. Red1 b4 25. Ncd5 Nxd5 26. Nxd5 Bd8 27. Qe1 Bxd5 28. Rxd5 Rxd5 29. Rxd5 Bb6+ 30. Kg2 Bc5 31. Qf1 Qc7 32. Qa6 h5 33. f4 (33. h4 $11 {keeps the balance.}) 33... exf4 $17 34. gxf4 {[#]} Re8 ({Better is} 34... Qe7 $1 $17 {[%mdl 512]} 35. Qe2 (35. Qxc8 {leads to mate.} Qxe4+ {[%mdl 64] Double Attack} 36. Kf1 Qf3+ 37. Ke1 Bf2+ 38. Kf1 Bg3+ {[%mdl 64] Double Attack} 39. Kg1 Qf2+ {[%mdl 64] Double Attack} 40. Kh1 Qxh2#) 35... Qf6) 35. Qe2 Re7 36. Qf3 f5 {[#]} (36... Qd7 $11) 37. Rxf5 $1 $14 {[%mdl 512] Black must now prevent Rg5!} gxf5 $4 {[%mdl 8192]} (37... Bd4 $1 $14) 38. Qg3+ $18 Kh7 {[%mdl 32768] Accuracy: White = 70%, Black = 49%. . An unexpected result.} 1/2-1/2